Magyarok az Újvilágban. Várdy Béla könyve. {Maghiari in Lumea Noua}. [Hungarians in the New World Várdy Béla: Magyarok az Újvilágban]
Elmentve itt :
| Szerző: | |
|---|---|
| Adatforrás: | Meister |
| Forrásdokumentuma: | Korunk. - 2002. 7, 119-120. |
| Nyelv: | magyar |
| Kulcsszavak: | recenzió recenzie book review |
| LEADER | 00478nab a2200145 i 4500 | ||
|---|---|---|---|
| 001 | bibPRO00012533 | ||
| 008 | 080908s2002 xx hun | ||
| 040 | |a Sz1 | ||
| 041 | |a hun | ||
| 100 | 1 | |a PAPP Annamária | |
| 245 | 1 | 0 | |a Magyarok az Újvilágban. Várdy Béla könyve. {Maghiari in Lumea Noua}. [Hungarians in the New World Várdy Béla: Magyarok az Újvilágban] |c PAPP Annamária |
| 695 | |a recenzió | ||
| 695 | |a recenzie | ||
| 695 | |a book review | ||
| 773 | 0 | |t Korunk. - |g 2002. 7, 119-120. | |